Community of insecurity : (Record no. 15601)

000 -LEADER
fixed length control field 01523cam a22003374a 4500
001 - CONTROL NUMBER
control field 16895526
005 - DATE AND TIME OF LATEST TRANSACTION
control field 20170105102921.0
008 - FIXED-LENGTH DATA ELEMENTS--GENERAL INFORMATION
fixed length control field 110729s2011 vtu b 001 0 eng
010 ## - LIBRARY OF CONGRESS CONTROL NUMBER
LC control number 2011031609
020 ## - INTERNATIONAL STANDARD BOOK NUMBER
International Standard Book Number 9781409430445 (hbk. : alk. paper)
020 ## - INTERNATIONAL STANDARD BOOK NUMBER
International Standard Book Number 9781409430452 (ebook)
040 ## - CATALOGING SOURCE
Original cataloging agency DLC
Transcribing agency DLC
042 ## - AUTHENTICATION CODE
Authentication code pcc
043 ## - GEOGRAPHIC AREA CODE
Geographic area code fs-----
050 00 - LIBRARY OF CONGRESS CALL NUMBER
Classification number JZ5584.A3575
Item number N37 2011
082 00 - DEWEY DECIMAL CLASSIFICATION NUMBER
Classification number 355/.033068
Edition number 23
100 1# - MAIN ENTRY--PERSONAL NAME
Personal name Nathan, Laurie.
245 10 - TITLE STATEMENT
Title Community of insecurity :
Remainder of title SADC's struggle for peace and security in Southern Africa /
Statement of responsibility, etc. by Laurie Nathan.
260 ## - PUBLICATION, DISTRIBUTION, ETC.
Place of publication, distribution, etc. Burlington, VT :
Name of publisher, distributor, etc. Ashgate,
Date of publication, distribution, etc. 2011.
300 ## - PHYSICAL DESCRIPTION
Extent x, 186 p. :
Other physical details map ;
Dimensions 24 cm.
490 0# - SERIES STATEMENT
Series statement The International political economy of new regionalisms series
504 ## - BIBLIOGRAPHY, ETC. NOTE
Bibliography, etc. note Includes bibliographical references and index.
505 0# - FORMATTED CONTENTS NOTE
Formatted contents note Introduction: regional organizations as conflict resolution forums -- The formation of SADC and the era of hope -- The struggle to establish the organ -- Failed peacemaking in Southern Africa -- Explaining the failure of the organ -- The fiction of Southern Africa as an emerging security -- Conclusion.
610 20 - SUBJECT ADDED ENTRY--CORPORATE NAME
Corporate name or jurisdiction name as entry element Southern African Development Community.
650 #0 - SUBJECT ADDED ENTRY--TOPICAL TERM
Topical term or geographic name entry element Security, International
Geographic subdivision Africa, Southern.
650 #0 - SUBJECT ADDED ENTRY--TOPICAL TERM
Topical term or geographic name entry element Conflict management
Geographic subdivision Africa, Southern.
650 #0 - SUBJECT ADDED ENTRY--TOPICAL TERM
Topical term or geographic name entry element Regionalism
Geographic subdivision Africa, Southern.
906 ## - LOCAL DATA ELEMENT F, LDF (RLIN)
a 7
b cbc
c orignew
d 1
e ecip
f 20
g y-gencatlg
942 ## - ADDED ENTRY ELEMENTS (KOHA)
Source of classification or shelving scheme
Koha item type Book
Holdings
Withdrawn status Lost status Damaged status Not for loan Collection code Permanent Location Current Location Shelving location Date acquired Total Checkouts Full call number Barcode Date last seen Price effective from Koha item type
          Centre for International Peace & Stability (CIPS) Centre for International Peace & Stability (CIPS) General Stacks 09/27/2013   355.033068 NAT 2012 CIPS0001192 12/06/2013 12/06/2013 Book
© 2023 Central Library, National University of Sciences and Technology. All Rights Reserved.